Higher Education And Society/ (Record no. 213321)

MARC details
000 -LEADER
fixed length control field 00615nam a22002057a 4500
005 - DATE AND TIME OF LATEST TRANSACTION
control field 20250904115545.0
010 ## - LCCN (DPL NO)
LC control number ENG-146629
020 ## - INTERNATIONAL STANDARD BOOK NUMBER
International Standard Book Number 9789392150470
Terms of availability 335.00
035 ## - SYSTEM CONTROL NUMBER
System control number EN-130161
037 ## - SOURCE OF ACQUISITION
Source of stock number/acquisition DBAD
082 ## - DEWEY DECIMAL CLASSIFICATION NUMBER
Classification number 378
Edition number 1
100 ## - MAIN ENTRY--PERSONAL NAME
Personal name Meenakshi, R.
245 ## - TITLE STATEMENT
Title Higher Education And Society/
Statement of responsibility, etc R. Meenakshi
250 ## - EDITION STATEMENT
Edition statement 1
260 ## - PUBLICATION, DISTRIBUTION, ETC. (IMPRINT)
Place of publication, distribution, etc Madurai, Tamil Nadu
Name of publisher, distributor, etc Mind Reading Publications
Date of publication, distribution, etc 2025
270 ## - ADDRESS
Address Mind Reading Publications 1068, HIG, TNHB Colony
City Madurai
Postal code 625011
300 ## - PHYSICAL DESCRIPTION
Extent 162p.
Dimensions 22cm(pbk)
700 ## - ADDED ENTRY--PERSONAL NAME
Personal name Kannan, B.
9 (RLIN) 84716
942 ## - ADDED ENTRY ELEMENTS (KOHA)
Source of classification or shelving scheme Dewey Decimal Classification
Item type English Books
Classification part 378
Call number suffix RME
Edition 1
Holdings
Withdrawn status Lost status Not for loan Collection code Home library Current library Date acquired Source of acquisition Cost, normal purchase price Full call number Barcode Copy number Cost, replacement price Koha item type
      Non-fiction Mobile Library Mobile Library 04/09/2025 DBAD 335.00 378 RME EN-130161 1 335.00 English Books

© Delhi Public Library
Hit Counter
free hit counter